Vienna New Year's Concert Conductors - Statistics

General Stats
  • This quiz has been taken 6 times
  • The average score is 7 of 18
Answer Stats
Years Answer % Correct
2009, 2014, 2022 Daniel Barenboim
100%
1987 Herbert Von Karajan
100%
2011, 2013, 2023 Franz Welser-Möst
75%
2017 Gustavo Dudamel
75%
2019, 2024 Christian Thielemann
50%
1988, 1991 Claudio Abbado
50%
2006, 2012, 2016 Mariss Jansons
50%
1993, 1997, 2000, 2004, 2018, 2021 Riccardo Muti
50%
2002 Seiji Ozawa
50%
1989, 1992 Carlos Kleiber
25%
2008, 2010 Georges Prêtre
25%
2001, 2003 Nikolaus Harnoncourt
25%
2020 Andris Nelsons
0%
1939, 1941–1945, 1948–1954 Clemens Krauss
0%
1946–1947 Josef Krips
0%
1980–1986, 1994, 1996, 1999, 2005 Lorin Maasel
0%
1955–1979 Willi Boskovsky
0%
1990, 1995, 1998, 2007, 2015 Zubin Mehta
0%
No matching quizzes found
Score Distribution
Percent of People with Each Score
Percentile by Number Answered
Your Score History
You have not taken this quiz